[Event "HUN-chT2 Toth 1112"]
[Site "Hungary"]
[Date "2012.03.25"]
[Round "8.4"]
[White "Szekeres, Sebestyen"]
[Black "Keresztes, Mark"]
[Result "1/2-1/2"]
[WhiteElo "2102"]
[BlackElo "2147"]
[PlyCount "89"]
[EventDate "2011.09.25"]
[EventType "team-tourn"]
[EventRounds "11"]
[EventCountry "HUN"]
[SourceTitle "EXT 2013"]
[Source "ChessBase"]
[SourceDate "2012.11.22"]
[SourceVersion "1"]
[SourceVersionDate "2012.11.22"]
[SourceQuality "1"]
[WhiteTeam "KHTK"]
[BlackTeam "Toth Laszlo"]
[WhiteTeamCountry "HUN"]
[BlackTeamCountry "HUN"]

1. e4 c6 2. d4 d5 3. e5 Bf5 4. Nf3 e6 5. Bd3 Bxd3 6. Qxd3 Nd7 7. 0-0 Qc7 8. Bg5 Be7 9. b3 h6 10. Be3 Bd8 11. Nbd2 Ne7 12. Rac1 Nf8 13. c4 Qd7 14. Rfd1 g5 15. b4 Nfg6 16. Nb3 dxc4 17. Qxc4 Nd5 18. Nc5 Qe7 19. b5 0-0 20. bxc6 bxc6 21. Ne4 Rc8 22. Nd6 Rc7 23. Qa4 Qd7 24. Nd2 Be7 25. N2e4 f5 26. exf6 Bxf6 27. Nxf6+ Nxf6 28. Nc4 Qd5 29. Qa5 Rcf7 30. f3 Nd7 31. Qxd5 cxd5 32. Nd6 Re7 33. Rc7 Nb6 34. Rdc1 Rd8 35. Rxe7 Nxe7 36. Nb5 Nc4 37. Bf2 a6 38. Nc7 Rd6 39. Ne8 Rb6 40. Nf6+ Kg7 41. Nd7 Rb2 42. a4 Ng6 43. g3 Kf7 44. Nc5 a5 45. Re1 1/2-1/2

[Event "HUN-chT2 Toth 1112"]
[Site "Hungary"]
[Date "2012.02.19"]
[Round "6.3"]
[White "Donko, Matyas"]
[Black "Szekeres, Sebestyen"]
[Result "1/2-1/2"]
[WhiteElo "2073"]
[BlackElo "2102"]
[PlyCount "38"]
[EventDate "2011.09.25"]
[EventType "team-tourn"]
[EventRounds "11"]
[EventCountry "HUN"]
[SourceTitle "EXT 2013"]
[Source "ChessBase"]
[SourceDate "2012.11.22"]
[SourceVersion "1"]
[SourceVersionDate "2012.11.22"]
[SourceQuality "1"]
[WhiteTeam "Takisz"]
[BlackTeam "KHTK"]
[WhiteTeamCountry "HUN"]
[BlackTeamCountry "HUN"]

1. e4 e5 2. Nf3 d6 3. d4 exd4 4. Qxd4 Nc6 5. Bb5 Bd7 6. Bxc6 Bxc6 7. Nc3 Qf6 8. Bg5 Qxd4 9. Nxd4 h6 10. Be3 Nf6 11. f3 Be7 12. Ncb5 Bxb5 13. Nxb5 0-0 14. 0-0-0 Ne8 15. g4 Bf6 16. h4 a6 17. Nd4 Bxd4 18. Bxd4 f6 19. Rdg1 Kf7 1/2-1/2

[Event "HUN-chT2 Toth 1011"]
[Site "Hungary"]
[Date "2011.05.15"]
[Round "11.4"]
[White "Szekeres, Sebestyen"]
[Black "Lovas, Daniel"]
[Result "1/2-1/2"]
[WhiteElo "2131"]
[BlackElo "2114"]
[PlyCount "89"]
[EventDate "2010.09.12"]
[EventType "team-tourn"]
[EventRounds "11"]
[EventCountry "HUN"]
[SourceTitle "EXT 2012"]
[Source "ChessBase"]
[SourceDate "2011.11.24"]
[SourceVersion "1"]
[SourceVersionDate "2011.11.24"]
[SourceQuality "1"]
[WhiteTeam "Csongrad Felegyhaza"]
[BlackTeam "Takisz"]
[WhiteTeamCountry "HUN"]
[BlackTeamCountry "HUN"]

1. d4 Nf6 2. c4 g6 3. Nc3 d5 4. cxd5 Nxd5 5. Nf3 Bg7 6. e4 Nxc3 7. bxc3 0-0 8. Ba3 b6 9. Rc1 c5 10. Be2 Be6 11. d5 Bg4 12. 0-0 Nd7 13. h3 Bxf3 14. Bxf3 b5 15. Qb3 Rb8 16. Bg4 Nf6 17. Bf3 Nd7 18. Be2 Nf6 19. Bf3 Nd7 20. Rfd1 a5 21. c4 a4 22. Qc2 b4 23. Bb2 b3 24. axb3 axb3 25. Qb1 Ne5 26. Be2 g5 27. g3 Rb6 28. f4 Qc8 29. Bxe5 Qxh3 30. Rd3 b2 31. Rf1 gxf4 32. gxf4 Rg6+ 33. Kf2 Qh2+ 34. Ke1 Bxe5 35. fxe5 Qxe5 36. Rb3 Ra8 37. Qxb2 Qxe4 38. Rb8+ Rxb8 39. Qxb8+ Kg7 40. Qf4 Qb1+ 41. Kd2 Qb2+ 42. Kd1 Qb3+ 43. Ke1 Qb4+ 44. Qd2 Qb1+ 45. Qd1 1/2-1/2

[Event "HUN-chT2 Toth 1011"]
[Site "Hungary"]
[Date "2010.11.07"]
[Round "5.4"]
[White "Bozsik, Balazs"]
[Black "Szekeres, Sebestyen"]
[Result "1/2-1/2"]
[WhiteElo "2108"]
[BlackElo "2131"]
[PlyCount "70"]
[EventDate "2010.09.12"]
[EventType "team-tourn"]
[EventRounds "11"]
[EventCountry "HUN"]
[SourceTitle "EXT 2012"]
[Source "ChessBase"]
[SourceDate "2011.11.24"]
[SourceVersion "1"]
[SourceVersionDate "2011.11.24"]
[SourceQuality "1"]
[WhiteTeam "Szolnok"]
[BlackTeam "Csongrad Felegyhaza"]
[WhiteTeamCountry "HUN"]
[BlackTeamCountry "HUN"]

1. d4 d5 2. Nf3 e6 3. c4 c6 4. e3 Nf6 5. Nc3 Bd6 6. Bd3 0-0 7. 0-0 Re8 8. e4 dxe4 9. Nxe4 Nxe4 10. Bxe4 Be7 11. Ne5 f5 12. Bc2 Nd7 13. Bf4 Nxe5 14. Bxe5 Bf6 15. Qe2 b6 16. Rad1 Bb7 17. Rfe1 Qe7 18. Bxf6 Qxf6 19. Qe5 Kf7 20. c5 Rad8 21. cxb6 Qxe5 22. Rxe5 axb6 23. Bb3 Kf6 24. f4 h6 25. Kf2 g5 26. g3 Rd6 27. Rde1 Bc8 28. d5 cxd5 29. Bxd5 Red8 30. Bb3 gxf4 31. gxf4 Rg8 32. h3 h5 33. R1e3 h4 34. Re2 Rg3 35. R5e3 Rg7 1/2-1/2

[Event "HUN-chT2 Toth 1011"]
[Site "Hungary"]
[Date "2010.10.24"]
[Round "4.4"]
[White "Szekeres, Sebestyen"]
[Black "Prorok, Marton"]
[Result "0-1"]
[WhiteElo "2131"]
[BlackElo "2194"]
[PlyCount "106"]
[EventDate "2010.09.12"]
[EventType "team-tourn"]
[EventRounds "11"]
[EventCountry "HUN"]
[SourceTitle "EXT 2012"]
[Source "ChessBase"]
[SourceDate "2011.11.24"]
[SourceVersion "1"]
[SourceVersionDate "2011.11.24"]
[SourceQuality "1"]
[WhiteTeam "Csongrad Felegyhaza"]
[BlackTeam "Mezobereny"]
[WhiteTeamCountry "HUN"]
[BlackTeamCountry "HUN"]

1. d4 Nf6 2. c4 e5 3. dxe5 Ng4 4. Nf3 Bc5 5. e3 Nc6 6. Be2 Ncxe5 7. Nxe5 Nxe5 8. 0-0 d6 9. a3 a5 10. Nd2 Be6 11. Qc2 Qh4 12. b3 0-0 13. Bb2 f5 14. Nf3 Nxf3+ 15. Bxf3 c6 16. Qc3 Rf6 17. g3 Rg6 18. Bg2 Qe7 19. b4 Bb6 20. Rfc1 h5 21. h4 Rg4 22. Qd3 Rd8 23. Bf3 Qxh4 24. Bxg4 Qxg4 25. Bd4 Bc7 26. Kf1 c5 27. Bb2 d5 28. Qe2 Qh3+ 29. Ke1 dxc4 30. bxc5 Qh1+ 31. Qf1 Qe4 32. Qe2 Qh1+ 33. Qf1 Qe4 34. Qe2 Rd3 35. Bd4 a4 36. Qxh5 Bf7 37. Qh4 Rxd4 38. Qxe4 Rxe4 39. Rab1 Re7 40. Ke2 Be5 41. Rb4 Rc7 42. Rxa4 Rxc5 43. Ra8+ Kh7 44. Ra7 Bd5 45. Ra4 Bb2 46. Rc2 c3 47. Rb4 Bxa3 48. Rh4+ Kg8 49. Rd4 Bb3 50. Kd3 Bxc2+ 51. Kxc2 Bb2 52. Rd8+ Kh7 53. Rd7 b5 0-1